000 01589namaa22003371i 4500
003 EG-GICUC
005 20260504120249.0
008 260503m2003200-ua o|||jrr||| 000 0 ara d
017 _a2002 / 13965
_bدار الكتب والوثائق القومية (مصر)
017 _a2003 / 18600
_bدار الكتب والوثائق القومية (مصر)
040 _aEG-GiCUC
_bara
_cEG-GiCUC
_dEG-GiCUC
_erda
043 _af-ua---
082 0 4 _221
_a780.3
_bK455
092 0 4 _221
_a780.3
_bK455
099 _a780.3 K455 2003
100 1 _aخشبة، غطاس عبد الملك
_eمؤلف.
245 1 2 _aالمعجم الموسيقى الكبير :
_bمعجم علمي تاريخي موسوعي يتناول تعريف مصطلحات علم الموسيقى والالحان واسماء الآلات العربية وتراجم المشهورين من الاعلام منذ الجاهلية الى القرن العشرين /
_cتأليف غطاس عبد الملك خشبة
250 _aالطبعة الاولى
264 _aالقاهرة (مصر) :
_bالمجلس الأعلى للثقافة،
_c2003-
300 _aمجلدات 2 :
_bايضاحيات، صور ؛
_c24 سم
336 _2rdacontent
_atext
337 _2rdamedia
_aUnmediated
338 _2rdacarrier
_avolume
504 _aيشتمل على ارجاعات ببليوجرافية
541 _aد. جابر عصفور ؛
_bالقاهرة ؛
_cإهداء ؛
_d2024.
650 1 7 _aالموسيقى
_vمعاجم
_2qrmak
651 1 _2qrmak
655 _aمعاجم
905 _aNermeen
942 _2ddc
_cBK
_e21
_n0
999 _c179908
_d179908